000 00515nam a22002057a 4500
003 OSt
005 20260502115512.0
008 260502b |||||||| |||| 00| 0 eng d
020 _a978-93-5629-091-4
040 _cSBCL
082 _a823.92
_bAMI-S
100 _aAmish
245 _aSita
_b: Warrior of Mithila
260 _aHaryana
_bHarper Collins
_c2022
300 _a361p.
630 _xLiterature & rhetoric
650 _aEnglish & Old English literatures
650 _aEnglish fiction
942 _cBOOK
999 _c138117
_d138117